000 01185nam a2200325 c 4500
003 BLK
005 20240110102153.0
008 180408b bul|||||r ||||||| ||bul||
010 _aKNG00073270000
020 _a978-954-585-763-8
_bиздат.: Бард
040 _aBLK
041 _aBUL
_cBUL
080 _aАмериканска литература (на САЩ)
_b821.111(73)
_x-311.6
_z821.111(73)-311.6
100 1 _aЕсекс, Карен
_eпърви автор
_967605
700 1 _aПанева, Мария
_eпрев. от англ.
_9371010
139 _aЕсекс, Карен
_bЕ 86
245 1 0 _aЛебедите на Леонардо
_bРоман
_cКарен Есекс; прев. от англ. Мария Панева.
257 _aUSA
260 София
_bБард
_c2007
300 _a368 с.
_c21 см
380 _aX
500 _aОриг. загл. Leonardo Swan's / Karen Essex. - Офс. изд.
653 _aисторически романи
852 _aЦб 232578
856 4 _qpdf
_u
856 4 _qpdf
_u
942 _cKNG
_n0
_017
944 _aCR
_c21.03.2007
_k30531
_lЦветелина Шанова
944 _aED
_c05.08.2008
_k
999 _c68931
_d68931